00898nam a2200253 a 4500001001000000003000900010005001700019007000300036008004100039020001800080040002500098082000700123245004300130250001100173260004400184300003800228504002700266590002600293942001400319952010000333952009400433952010000527999001700627000047435DO-SdBNP20220520094542.0ta180529s2016 dr cg r 000 0 spa d a9789945585117 aDO-SdBNPbspacBNPHU 422200aPor el rescate de los valores patrios. a5a ed. aSanto Domingo :bPoder judicial,c2016. a40 p. :bretrs., mús. ;c22 cm. aBibliografía : p. 40 aInventariado, 2018/BT 2ddccLBS1 00102ddc56708DSaBNPHUbBNPHUcCTd2018-06-27p47435-40r2020-06-25te. 3w2020-06-25yLBS1 00102ddc53708PDaBNPHUbBNPHUcHDd2018-05-29p47435-10r2020-06-25w2020-06-25yLBS1 00102ddc53708PDaBNPHUbBNPHUcCTd2018-05-29p47435-20r2020-06-25te. 2w2020-06-25yLBS1 c46923d46923